Memoria, culto y monarquía hispánica entre los siglos X y XII

Saved in:
Bibliographic Details
Main Author: Isla Frez, Amancio (Author)
Format: Book
Language:Spanish
Published: Jaén, España Universidad de Jaén 2006
Series:Estudios
Subjects:
Tags: Add Tag
No Tags, Be the first to tag this record!

MARC

LEADER 00000nam a2200000 a 4500
001 UCI7911
003 CL-VaPUC
005 20241219120252.0
008 080731e20060000SP |||||||||||||||||spa|d
999 |c 331040  |d 331038 
020 |a 9788484393290 
040 |c Pontificia Universidad Católica de Valparaíso 
082 0 4 |a 946.02 ISL 2006  |2 21 
100 |a Isla Frez, Amancio  |e author  |9 531318 
245 1 0 |a Memoria, culto y monarquía hispánica entre los siglos X y XII 
260 |a Jaén, España  |b Universidad de Jaén  |c 2006 
300 |a 348 páginas 
490 0 |a Estudios 
583 |a last modification  |c 20080731 00:00:00  |k Rodrigo Vera 
650 7 |a HISTORIA DE ESPAÑA  |2 CL-VaPUC  |9 531319  |y SIGLOS 10-12 
650 0 |a Monarquía   |z ESPAÑA  |9 255259 
650 0 |a Funerales   |z ESPAÑA  |9 506533 
650 0 |a Ritos y ceremonias   |z ESPAÑA  |9 326995 
650 0 |a Usos y costumbres  |z ESPAÑA  |9 531320 
852 |a BIBCUR 
942 |c BK  |2 ddc 
945 |d 20080731 00:00:00  |a rbrito 
952 |0 0  |1 0  |2 ddc  |4 0  |6 946_020000000000000_ISL_2006  |7 0  |8 A  |9 417137  |a BIBHIS  |b BIBHIS  |d 2019-11-22  |i 4467957  |o 946.02 ISL 2006  |p 4467957  |r 2025-01-20  |t 1  |w 2019-11-22  |y BK  |k HIS